Luz en la selva: la vida sorprendente del dr. Albert Schweitzer
Salvato in:
| Autore principale: | |
|---|---|
| Natura: | Libro |
| Lingua: | spagnolo |
| Pubblicazione: |
Buenos Aires
Acme
1954
|
| Soggetti: | |
| Tags: |
Aggiungi Tag
Nessun Tag, puoi essere il primo ad aggiungerne!!
|
MARC
| LEADER | 00000nam a2200000 a 4500 | ||
|---|---|---|---|
| 001 | UCQ7220 | ||
| 003 | CL-VaPUC | ||
| 008 | 981031e19540000AG |||||||||||||||||spa|d | ||
| 082 | 0 | 4 | |a 923.6 |b WAI |2 21 |
| 100 | 0 | |a Waissmann, Mario |e author |9 421093 | |
| 245 | 1 | 0 | |a Luz en la selva: la vida sorprendente del dr. Albert Schweitzer |
| 300 | |a 236 p | ||
| 942 | |c BK | ||
| 945 | |d 19981031 00:00:00 |a crobeson | ||
| 260 | |a Buenos Aires |b Acme |c 1954 | ||
| 600 | 0 | 7 | |a SCHWEITZER, ALBERT |2 CL-VaPUC |9 346904 |
| 650 | 0 | |a Biografías |9 255210 | |
| 650 | 7 | |a FILANTROPOS |2 CL-VaPUC |9 421094 | |
| 583 | |a last modification |c 19981031 00:00:00 |k Rodrigo Vera | ||
| 999 | |c 276977 |d 276975 | ||
| 952 | |0 0 |1 0 |4 0 |6 923_600000000000000_WAI_1954 |7 0 |8 P |9 314621 |a BIBEDU |b BIBEDU |c BIBEDU_PB |d 2019-11-20 |i 1487736 |o 923.6 WAI 1954 |p 1487736 |r 2024-01-25 |w 2019-11-20 |y BK |k LIT | ||